Normal view
MARC view
- Gose, Earl
Entry Personal Name
001 - CONTROL NUMBER
- control field: 101024
003 - CONTROL NUMBER IDENTIFIER
- control field: NUST
005 - DATE AND TIME OF LATEST TRANSACTION
- control field: 20221020152933.0
008 - FIXED-LENGTH DATA ELEMENTS
- fixed length control field: 221020|| aca||aabn | a|a d
040 ## - CATALOGING SOURCE
- Original cataloging agency: NUST
- Transcribing agency: NUST
100 ## - HEADING--PERSONAL NAME
- Personal name: Gose, Earl
670 ## - SOURCE DATA FOUND
- Source citation: Work cat.: (NUST)184003: Gose, Earl., Pattern recognition and image analysis /, c1997.
